| 000 | 00754nam a2200253 a 4500 | ||
|---|---|---|---|
| 008 | |||
| 020 | _a0074517120 (hbk.) | ||
| 049 | _aMAIN | ||
| 090 | _aTD403 KAR | ||
| 100 | 1 | _aKaranth, K. R. | |
| 245 | 1 | 0 |
_aGround water assessment : _bdevelopment and management / _cK.R. Karanth. |
| 260 |
_aNew Delhi : _bTata McGraw-Hill, _c1987 |
||
| 300 |
_axi, 720 p. : _bill. ; _c25 cm. |
||
| 500 | _aIncludes index. | ||
| 504 | _aIncludes bibliographical references. | ||
| 650 | 0 |
_aGroundwater _xManagement. |
|
| 650 | 0 | _aWater resources development. | |
| 650 | 0 | _aHydrogeology. | |
| 907 |
_a.b10134323 _b16-04-09 _c31-08-04 |
||
| 003 | |||
| 005 | 20230123134325.0 | ||
| 040 | _cNUST | ||
| 942 |
_cBOOKS _kTD403 KAR |
||
| 999 |
_c163919 _d163919 |
||